| 000 | 00529nam a2200133Ia 4500 | ||
|---|---|---|---|
| 008 | 160809s9999 xx 000 0 und d | ||
| 100 | _aCheng, Joseph. | ||
| 245 | _aAnalysis of Tracking Errors for Oil Sector Leveraged Exchange Traded Funds | ||
| 245 | _cJoseph Cheng* Cameron Miller. | ||
| 260 | _bInternational Research Journal of Applied Finance | ||
| 260 | _cJune 2016 | ||
| 650 | _xFINANCE | ||
| 856 | _uhttps://nebula.wsimg.com/ba185d5b4443e75d2791dffc909697e4?AccessKeyId=A83663472B839ECDD54B&disposition=0&alloworigin=1 | ||
| 999 |
_c300019 _d300019 |
||